000 01088nam a22002537i 4500
999 _c23380
_d23380
003 AR-CdUCM
008 250901b20192019 pe||||| |||| 00| 0 spa d
020 _a978-612-46447-6-4
040 _aMUNICIPALIDAD PROVINCIAL DEL CUSCO
_cBIBLIOTECA MUNICIPAL DEL CUSCO
041 _hspa
082 _a378.85 / M63
_bM63
100 _aMiranda Villena, Ruth
_951122
245 _aLa Defensoría Universitaria y la Calidad de la Universidad Peruana /
260 _aCusco :
_bEditores de Jorge Loayza Gonzales
_c2019
300 _a108 páginas. :
_c23x15 cm.
500 _zPáginas 107-108
505 _aAntecedentes de la defensoría universitaria -- Articulación de la defensoría -- El principio de autonomía -- Principio de colaboración -- Estructura orgánica de la universidad -- Atribuciones y funciones -- Elección de defensor universitario
650 _aDefensoria universitaria
_951455
650 _aNaturaleza legal
_951456
650 _aPrincipio de autonomía
_949312
650 _aActuaciones de la defensoría
_951457
942 _2ddc
_cLIBROS
945 _apbjr
_d01-09-2025